[Event "Asian Nations Cup 2016"]
[Site "Abu Dhabi UAE"]
[Date "2016.04.03"]
[Round "7.3"]
[White "Firouzja, Alireza"]
[Black "Dao, Thien Hai"]
[Result "1/2-1/2"]
[BlackTitle "GM"]
[WhiteElo "2475"]
[BlackElo "2481"]
[WhiteTeam "Iran"]
[BlackTeam "Vietnam"]
[WhiteFideId "12573981"]
[BlackFideId "12400084"]
[EventDate "2016.03.28"]
[EventType "team"]

1. e4 e5 2. Bc4 Nf6 3. d3 c6 4. Nf3 d5 5. Bb3 Bb4+ 6. Bd2 Bxd2+ 7. Qxd2 Qd6 8.
Qg5 O-O 9. exd5 cxd5 10. O-O Nc6 11. Nc3 h6 12. Qh4 Bf5 13. Rfe1 Rfe8 14. Rad1
Rad8 15. h3 a6 16. g4 Bg6 17. Qg3 d4 18. Ne2 Na5 19. Nc1 Nc6 20. a3 Qc5 21. Nh4
Bh7 22. Rd2 e4 23. Rde2 g5 24. Ng2 Qb6 25. Kh1 Na5 26. Ba2 Bg6 27. f4 exf3 28.
Qxf3 Kg7 29. Rf1 Qd6 30. Rfe1 Rxe2 31. Nxe2 Rc8 32. b4 Nc6 33. Qg3 Qxg3 34. Nxg3
h5 35. gxh5 Nxh5 36. Ne2 Nf6 37. Kh2 Nd7 38. Kg3 Nde5 39. h4 f6 40. Rf1 Bh5 41.
Nc1 Ne7 42. Nb3 Rxc2 43. Bb1 Rc3 44. Nxd4 Nxd3 45. Ne6+ Kg8 46. hxg5 Ng6 47.
Bxd3 Rxd3+ 48. Kh2 fxg5 49. Rf5 Rd2 50. Rxg5 Kf7 51. Nc5 Bd1 52. Kg1 b6 53. Nxa6
Ra2 54. Rb5 Rxa3 55. Rxb6 Ne5 56. Nc5 Ra2 57. Ne3 Bh5 58. Rd6 Re2 59. Ng2 Nf3+
60. Kf1 Nh2+ 61. Kg1 Nf3+ 62. Kf1 1/2-1/2

[Event "Asian Nations Cup 2016"]
[Site "Abu Dhabi UAE"]
[Date "2016.04.03"]
[Round "7.4"]
[White "Nguyen, Anh Khoi"]
[Black "Mosadeghpour, Masoud"]
[Result "0-1"]
[WhiteTitle "FM"]
[BlackTitle "IM"]
[WhiteElo "2412"]
[BlackElo "2481"]
[WhiteTeam "Vietnam"]
[BlackTeam "Iran"]
[WhiteFideId "12404675"]
[BlackFideId "12519278"]
[EventDate "2016.03.28"]
[EventType "team"]

1. d4 Nf6 2. c4 g6 3. Nf3 Bg7 4. g3 O-O 5. Bg2 d5 6. cxd5 Nxd5 7. O-O Nb6 8. Nc3
Nc6 9. e3 Bg4 10. h3 Be6 11. b3 a5 12. Nd2 Qc8 13. Kh2 Rd8 14. Qe2 a4 15. Rb1
axb3 16. axb3 Nd5 17. Bb2 Nxc3 18. Bxc3 Bd5 19. Nc4 Qe6 20. Rfd1 Bxg2 21. Kxg2
Bxd4 22. Be1 Bg7 23. Rxd8+ Rxd8 24. Qf3 Rd5 25. Rc1 Rc5 26. Qd1 h5 27. h4 Bf6
28. Kg1 Rd5 29. Qf3 Rd3 30. Nd2 Nd4 31. Qd1 Nxb3 0-1

[Event "Asian Nations Cup 2016"]
[Site "Abu Dhabi UAE"]
[Date "2016.04.03"]
[Round "7.1"]
[White "Gundavaa, Bayarsaikhan"]
[Black "Weerawardane, Romesh"]
[Result "1-0"]
[WhiteTitle "GM"]
[BlackTitle "IM"]
[WhiteElo "2517"]
[BlackElo "2084"]
[WhiteTeam "Mongolia"]
[BlackTeam "Sri Lanka"]
[WhiteFideId "4901045"]
[BlackFideId "9900373"]
[EventDate "2016.03.28"]
[EventType "team"]

1. Nf3 Nf6 2. g3 d5 3. Bg2 c5 4. O-O Nc6 5. d4 e6 6. c4 dxc4 7. dxc5 Qxd1 8.
Rxd1 Bxc5 9. Nbd2 Ke7 10. Nxc4 Ne4 11. e3 Nd6 12. Nce5 Nxe5 13. Nxe5 f6 14. Nd3
Bb6 15. b3 Rd8 16. a4 a5 17. Ba3 Ke8 18. Rac1 Rb8 19. Kf1 Nf7 20. Nf4 Rxd1+ 21.
Rxd1 g6 22. Ne2 Bd7 23. Nc3 Rc8 24. Nb5 Bxb5+ 25. axb5 Nd8 26. Bb2 Ke7 27. Be4
f5 28. Bd3 Bc5 29. e4 Nf7 30. exf5 gxf5 31. Ke2 b6 32. h3 Nd6 33. g4 Rf8 34. g5
Kf7 35. f4 Rg8 36. Kf3 Kg6 37. Re1 Re8 38. h4 h5 39. gxh6 Kxh6 40. Re2 Kh7 41.
Bf6 Kg6 42. Be5 Nf7 43. Bb2 Nh6 44. Rg2+ Kf7 45. Rg7+ Kf8 46. Rh7 Ng4 47. Bc4
Re7 48. Rh8+ Kf7 49. h5 Nf6 50. Rh6 Nd7 51. Rg6 Nf8 52. Rg7+ Ke8 53. h6 Nh7 54.
Be5 Nf8 55. Kg3 Nh7 56. Kh4 Nf8 57. Kg5 Rd7 58. Rxd7 Kxd7 59. Kf6 1-0

[Event "Asian Nations Cup 2016"]
[Site "Abu Dhabi UAE"]
[Date "2016.04.03"]
[Round "7.2"]
[White "Priyankara, Chamil"]
[Black "Batchuluun, Tsegmed"]
[Result "0-1"]
[BlackTitle "GM"]
[WhiteElo "2016"]
[BlackElo "2460"]
[WhiteTeam "Sri Lanka"]
[BlackTeam "Mongolia"]
[WhiteFideId "9901566"]
[BlackFideId "4900847"]
[EventDate "2016.03.28"]
[EventType "team"]

1. e4 e5 2. Nf3 Nc6 3. Bc4 Bc5 4. c3 Nf6 5. d3 O-O 6. Bg5 h6 7. Bh4 d6 8. Bb3
Re8 9. Nbd2 a5 10. Nf1 g5 11. Bg3 d5 12. Qe2 a4 13. Bc2 d4 14. c4 a3 15. b3 Bb4+
16. N3d2 Bc3 17. Rd1 Nb4 18. Bb1 Ra6 19. f3 Nh5 20. h4 Rg6 21. hxg5 Qxg5 22.
Rxh5 Qxh5 23. Kf2 Kh7 24. Bh2 Qg5 25. g3 Bh3 26. Kg1 h5 27. Kh1 Reg8 28. Qf2 c5
29. Kg1 h4 30. f4 exf4 0-1

[Event "Asian Nations Cup 2016"]
[Site "Abu Dhabi UAE"]
[Date "2016.04.03"]
[Round "7.3"]
[White "Munkhgal, Gombosuren"]
[Black "Edirisinghe, Dulan"]
[Result "1-0"]
[WhiteTitle "IM"]
[WhiteElo "2419"]
[BlackElo "2116"]
[WhiteTeam "Mongolia"]
[BlackTeam "Sri Lanka"]
[WhiteFideId "4901266"]
[BlackFideId "9900446"]
[EventDate "2016.03.28"]
[EventType "team"]

1. d4 Nf6 2. c4 g6 3. Nc3 Bg7 4. Nf3 O-O 5. g3 d6 6. Bg2 Nc6 7. O-O Bf5 8. d5
Na5 9. Nd2 c5 10. e4 Bd7 11. Qc2 a6 12. b3 b5 13. Bb2 bxc4 14. bxc4 Rb8 15. Nd1
Qc7 16. Bc3 Ng4 17. Bxg7 Kxg7 18. h3 Nh6 19. f4 f6 20. Nf2 e5 21. dxe6 Bxe6 22.
Nd1 Nc6 23. Nf3 Rb4 24. Ne3 Nd4 25. Qd3 Nxf3+ 26. Rxf3 Rfb8 27. g4 Nf7 28. h4
Nd8 29. g5 fxg5 30. f5 gxf5 31. exf5 Bf7 32. Qc3+ Kg8 33. Rg3 Rb1+ 34. Rxb1
Rxb1+ 35. Kh2 d5 36. Nxd5 Bxd5 37. Bxd5+ Nf7 38. Qf6 Kf8 39. hxg5 Ke8 40. Bxf7+ 1-0

[Event "Asian Nations Cup 2016"]
[Site "Abu Dhabi UAE"]
[Date "2016.04.03"]
[Round "7.4"]
[White "Subasinghe, K R V R"]
[Black "Bilguun, Sumiya"]
[Result "1-0"]
[BlackTitle "FM"]
[WhiteElo "1984"]
[BlackElo "2363"]
[WhiteTeam "Sri Lanka"]
[BlackTeam "Mongolia"]
[WhiteFideId "9909117"]
[BlackFideId "4901541"]
[EventDate "2016.03.28"]
[EventType "team"]

1. e4 c5 2. b3 Nf6 3. d3 Nc6 4. Bb2 e5 5. Nd2 d6 6. Ne2 g6 7. Ng3 Bg7 8. Be2 h5
9. Ngf1 d5 10. exd5 Nxd5 11. Bf3 Bh6 12. Bxd5 Qxd5 13. Ne4 Qd8 14. Ne3 f5 15.
Nd2 Be6 16. O-O Qc7 17. Nec4 O-O-O 18. Re1 Bxc4 19. Nxc4 Rhe8 20. Qf3 h4 21. a4
Kb8 22. Rab1 Bg7 23. Qe3 Nb4 24. Re2 Nd5 25. Qg5 Bf6 26. Qd2 Nf4 27. Re3 Nd5 28.
Re2 e4 29. Bxf6 Nxf6 30. h3 f4 31. Rbe1 e3 32. fxe3 Ne4 33. dxe4 Rxd2 34. Rxd2
f3 35. e5 Rxe5 36. Nxe5 Qxe5 37. Rf2 Qg3 38. e4 g5 39. Re3 Qe5 40. Rfxf3 a5 41.
Re2 c4 42. bxc4 Qd4+ 43. Rfe3 Qe5 44. Kh1 Ka7 45. Re1 Kb8 46. Rb3 Kc8 47. Rd3
Kb8 48. c3 Kc7 49. Ree3 Kb8 50. Rd4 Qf4 51. Rf3 Qc1+ 52. Kh2 Qe1 53. Rd5 Qxe4
54. Rxg5 Qxc4 55. Rg4 Qc7+ 56. Rff4 Qxc3 57. Rxh4 Qe5 58. Rg4 b5 59. axb5 a4 60.
Kg1 Qe3+ 61. Kh2 Qe5 62. Kg1 Qe3+ 63. Rf2 a3 64. Ra4 Kb7 65. Ra6 Kc7 66. h4 Kc8
67. Rc6+ Kb7 68. Rc2 Kb6 69. Kh2 Qe5+ 70. g3 Kxb5 71. Ra2 Qe3 72. Kg2 Qb3 73.
Rac2 Qd5+ 74. Kh2 Kb4 75. Rcd2 Qe5 76. Rf4+ Kc3 77. Ra2 Kb3 78. Rff2 Qe3 79.
Rae2 Qd3 80. Kh3 Kc3 81. Kg2 Qd5+ 82. Kh2 Qd3 83. Kh3 Kb3 84. h5 Kc3 85. Kh2 Qd6
86. Re3+ Kb4 87. Ra2 Qd5 88. Raxa3 Qxh5+ 89. Kg1 Qd1+ 90. Kf2 Qh1 91. Rad3 Qh2+
92. Kf3 Qh1+ 93. Kg4 Kc4 94. Rd2 Qh7 95. Rde2 Qg6+ 96. Kf3 Qf7+ 97. Kg2 Qg7 98.
Re4+ Kd5 99. g4 Qh8 100. Kg3 Qh1 101. Re5+ Kd6 102. g5 Qh5 103. Re6+ Kd7 104.
R2e5 Qd1 105. g6 Qd4 106. Re4 Qa1 107. Kf4 Qg1 108. Kf5 Qf2+ 109. Kg5 Qg1+ 110.
Kf6 Qf2+ 111. Kg7 Qb2+ 112. Kg8 Qa2 113. g7 Qd5 114. Re5 Qd3 115. Kf7 Qh7 116.
Rg6 Kc7 117. Ree6 Kd8 118. Kf8 Kd7 119. g8=Q Qe7+ 1-0

[Event "Asian Nations Cup 2016"]
[Site "Abu Dhabi UAE"]
[Date "2016.04.03"]
[Round "7.1"]
[White "Mohammed, Zozek Salah Mohammed"]
[Black "Dzhumaev, Marat"]
[Result "0-1"]
[WhiteTitle "FM"]
[BlackTitle "GM"]
[WhiteElo "2256"]
[BlackElo "2481"]
[WhiteTeam "Iraq"]
[BlackTeam "Uzbekistan"]
[WhiteFideId "4803361"]
[BlackFideId "14200236"]
[EventDate "2016.03.28"]
[EventType "team"]

1. d4 d5 2. c4 dxc4 3. e4 Nc6 4. Nf3 Bg4 5. Bxc4 e6 6. Be3 Bb4+ 7. Nc3 Nf6 8.
Qd3 Bxf3 9. gxf3 Nh5 10. Bb5 O-O 11. Rg1 Kh8 12. Rg5 Nf6 13. O-O-O Ne8 14. Rdg1
Be7 15. Rh5 Nf6 16. Rh3 e5 17. d5 Nb4 18. Qf1 c6 19. Qg2 g6 20. dxc6 bxc6 21.
Bc4 Rb8 22. Qg5 Qd7 23. Qh6 Rg8 24. Bg5 Rg7 25. Qh4 Qd4 26. Bxf6 Bxf6 27. Qxf6
Qxc4 28. f4 Nxa2+ 29. Kd1 Qd4+ 30. Ke1 Rxb2 0-1

[Event "Asian Nations Cup 2016"]
[Site "Abu Dhabi UAE"]
[Date "2016.04.03"]
[Round "7.2"]
[White "Fayzullaev, Akmal"]
[Black "Ismael, Namir Mohammed Ismael"]
[Result "1/2-1/2"]
[WhiteTitle "FM"]
[BlackTitle "CM"]
[WhiteElo "2405"]
[BlackElo "2169"]
[WhiteTeam "Uzbekistan"]
[BlackTeam "Iraq"]
[WhiteFideId "14200554"]
[BlackFideId "4800800"]
[EventDate "2016.03.28"]
[EventType "team"]

1. d4 Nf6 2. c4 e6 3. Nf3 d5 4. Nc3 Be7 5. Bg5 O-O 6. e3 Ne4 7. Bf4 c5 8. Bd3
cxd4 9. exd4 Nxc3 10. bxc3 dxc4 11. Bxc4 Nd7 12. O-O Nf6 13. Bb3 Bd7 14. Ne5 b5
15. Re1 Rc8 16. Qd3 Nd5 17. Bd2 g6 18. Qf3 Kg7 19. Qh3 Be8 20. Bh6+ Kg8 21. Bxf8
Bxf8 22. Rac1 Bg7 23. Qf3 Ne7 24. h4 a5 25. h5 a4 26. hxg6 hxg6 27. Bc2 Qd5 28.
Bd3 Bxe5 29. Be4 Qxa2 30. dxe5 Qc4 31. Qf6 Nf5 32. Bxf5 exf5 33. e6 Rc6 34.
exf7+ Bxf7 35. Qd8+ Kg7 36. Re3 Rc8 37. Qd7 Rc7 38. Qd8 Rc8 39. Qa5 Rh8 40. Rd1
Qh4 41. Rh3 Qg4 42. f3 Qc4 43. Rxh8 Kxh8 44. Rd8+ Kg7 45. Rb8 Qh4 46. Qxb5 Qe1+
47. Qf1 Qxc3 48. Qd1 f4 49. Kh2 Qe5 50. Rc8 Be6 51. Ra8 Qh5+ 52. Kg1 Qc5+ 53.
Kh2 Qh5+ 54. Kg1 Qe5 55. Rc8 a3 56. Rc6 a2 57. Qd8 Kh6 1/2-1/2

[Event "Asian Nations Cup 2016"]
[Site "Abu Dhabi UAE"]
[Date "2016.04.03"]
[Round "7.3"]
[White "Salih, Akar Ali Salih"]
[Black "Khoroshev, Nikita"]
[Result "1/2-1/2"]
[WhiteTitle "FM"]
[BlackTitle "FM"]
[WhiteElo "2279"]
[BlackElo "2337"]
[WhiteTeam "Iraq"]
[BlackTeam "Uzbekistan"]
[WhiteFideId "4800575"]
[BlackFideId "14200287"]
[EventDate "2016.03.28"]
[EventType "team"]

1. e4 e5 2. Nf3 Nc6 3. Bb5 Nf6 4. O-O Nxe4 5. d4 Nd6 6. Bxc6 dxc6 7. dxe5 Nf5 8.
Qxd8+ Kxd8 9. Nc3 Ke8 10. Ne2 Ne7 11. h3 Ng6 12. b3 a5 13. a4 Bd7 14. Bb2 Rd8
15. Rad1 h6 16. Rd2 Bb4 17. c3 Be7 18. Rfd1 c5 19. c4 Bc6 20. Rxd8+ Bxd8 21. Ne1
h5 22. f4 Nh4 23. Kf2 Nf5 24. g3 Rh6 25. Nc2 Be4 26. Rd2 Rb6 27. Na1 Rg6 28. Bc3
Nxg3 29. Rxd8+ Kxd8 30. Nxg3 Bb1 31. f5 Rh6 32. h4 g6 33. f6 Rh8 34. Nf1 g5 35.
hxg5 h4 36. Bxa5 Kd7 37. Bd2 Ke6 38. b4 h3 39. Nh2 cxb4 40. Nb3 Kxe5 41. Bxb4
Kf5 42. Bd2 Ba2 43. Nd4+ Ke4 44. Ne2 Bxc4 45. Ng3+ Kd3 46. Bf4 Be6 47. Bxc7 Rc8
48. Ne2 Bf5 49. Nf4+ Ke4 50. Bd6 Rc6 51. Bb8 Rc8 52. Bd6 Rc6 53. Bb8 Rc8 1/2-1/2

[Event "Asian Nations Cup 2016"]
[Site "Abu Dhabi UAE"]
[Date "2016.04.03"]
[Round "7.4"]
[White "Egin, Vladimir"]
[Black "Abdulwahhab, Ahmed Abdulsattar A"]
[Result "1-0"]
[WhiteTitle "IM"]
[BlackTitle "FM"]
[WhiteElo "2348"]
[BlackElo "2279"]
[WhiteTeam "Uzbekistan"]
[BlackTeam "Iraq"]
[WhiteFideId "14200163"]
[BlackFideId "4801849"]
[EventDate "2016.03.28"]
[EventType "team"]

1. e4 c5 2. Nf3 e6 3. c3 d5 4. exd5 Qxd5 5. d4 Nf6 6. a3 Nc6 7. Be3 cxd4 8. cxd4
Be7 9. Nc3 Qd6 10. Bd3 O-O 11. Qc2 Bd7 12. O-O Rac8 13. Rad1 Rfd8 14. Rfe1 h6
15. Qc1 Na5 16. Bxh6 Nd5 17. Bb1 Ba4 18. Rd3 Nxc3 19. Rxc3 Rxc3 20. bxc3 Qxa3
21. Qf4 Qxc3 22. Qg3 Bf6 23. Bd2 Qb2 24. Bxa5 b6 25. Bd2 Bxd4 26. Qh4 Rd5 27.
Bh7+ Kf8 28. Be4 Rd6 29. Rb1 g5 30. Bxg5 Bf6 31. h3 Bxg5 32. Qxg5 Qe2 33. Qe5
Rd1+ 34. Rxd1 Qxd1+ 35. Kh2 Qd7 36. Qf6 Qc7+ 37. Ne5 a5 38. h4 Bd1 39. h5 Bxh5
40. Qh8+ Ke7 41. Qxh5 a4 42. Qxf7+ Kd6 43. Qf4 b5 44. g3 Qg7 45. Nc6+ e5 46.
Qd2+ Kc5 47. Qb4+ Kb6 48. Ne7 Qh6+ 49. Kg2 Qc1 50. Nd5+ 1-0

[Event "Asian Nations Cup 2016"]
[Site "Abu Dhabi UAE"]
[Date "2016.04.03"]
[Round "7.1"]
[White "Salem, A.R. Saleh"]
[Black "Eid, Fadi"]
[Result "1-0"]
[WhiteTitle "GM"]
[BlackTitle "IM"]
[WhiteElo "2615"]
[BlackElo "2352"]
[WhiteTeam "UAE - 1"]
[BlackTeam "Lebanon"]
[WhiteFideId "9301348"]
[BlackFideId "5300118"]
[EventDate "2016.03.28"]
[EventType "team"]

1. d4 Nc6 2. Nf3 d5 3. c4 Bg4 4. cxd5 Bxf3 5. gxf3 Qxd5 6. e3 e6 7. Bd2 O-O-O 8.
Nc3 Qh5 9. f4 Qxd1+ 10. Rxd1 Nf6 11. Rc1 Kb8 12. Ke2 Ne7 13. Bg2 Nf5 14. Rhg1 h6
15. Ne4 Nxe4 16. Bxe4 Nd6 17. Bd3 g6 18. a4 Be7 19. b4 g5 20. b5 Nf5 21. Bxf5
exf5 22. h3 Rhg8 23. Kf3 f6 24. Rc4 Bd6 25. Bb4 h5 26. Bxd6 cxd6 27. d5 g4+ 28.
hxg4 hxg4+ 29. Kg3 Rh8 30. a5 Rd7 31. b6 Rdh7 32. Kg2 g3 33. fxg3 Rh2+ 34. Kf3
Ra2 35. g4 Rxa5 36. bxa7+ Kxa7 37. gxf5 Rxd5 38. Rg7 Rb5 39. Rd4 d5 40. Rd3 Rd8
41. Kg4 Rb4 42. Kh5 Rb1 43. Kg6 Rf8 44. Rf7 Re8 45. Kxf6 Rb6+ 46. Kg7 d4 47.
exd4 Re4 48. d5 Rd6 49. Rb3 1-0

[Event "Asian Nations Cup 2016"]
[Site "Abu Dhabi UAE"]
[Date "2016.04.03"]
[Round "7.2"]
[White "El Jawich, Amro"]
[Black "Saeed, Ishaq"]
[Result "0-1"]
[WhiteTitle "FM"]
[BlackTitle "FM"]
[WhiteElo "2241"]
[BlackElo "2286"]
[WhiteTeam "Lebanon"]
[BlackTeam "UAE - 1"]
[WhiteFideId "5300380"]
[BlackFideId "9301453"]
[EventDate "2016.03.28"]
[EventType "team"]

1. e4 e5 2. Nf3 Nc6 3. d4 exd4 4. Bc4 g6 5. Nxd4 Bg7 6. Be3 Nge7 7. Nc3 O-O 8.
Qd2 Ne5 9. Bb3 c5 10. Nf3 c4 11. Nxe5 cxb3 12. Nc4 d5 13. exd5 bxc2 14. O-O b5
15. Nxb5 Qxd5 16. Qxd5 Nxd5 17. Bc5 Rd8 18. a4 Bf5 19. Nxa7 Bd3 20. Rfc1 Nf4 21.
Kh1 Ne2 22. Rxc2 Bxc2 23. a5 Bd3 0-1

[Event "Asian Nations Cup 2016"]
[Site "Abu Dhabi UAE"]
[Date "2016.04.03"]
[Round "7.3"]
[White "Khouri, Ahmed Abbas"]
[Black "Bassel, Charaf"]
[Result "1/2-1/2"]
[WhiteTitle "FM"]
[WhiteElo "2062"]
[BlackElo "2112"]
[WhiteTeam "UAE - 1"]
[BlackTeam "Lebanon"]
[WhiteFideId "9301518"]
[BlackFideId "5300657"]
[EventDate "2016.03.28"]
[EventType "team"]

1. e4 e5 2. Nf3 Nc6 3. Bc4 Be7 4. O-O Nf6 5. d3 O-O 6. Re1 d6 7. a4 Be6 8. a5 a6
9. Nbd2 Re8 10. c3 Bf8 11. Ng5 Bxc4 12. dxc4 h6 13. Ngf3 Nh5 14. Nf1 Nf4 15. g3
Ne6 16. b4 g6 17. Ne3 Bg7 18. Nd5 Kh7 19. Be3 Rf8 20. Qc2 Ne7 21. Nh4 Qd7 22.
Rad1 Nxd5 23. Rxd5 Qe7 24. Red1 Rad8 25. Qd3 Nf4 26. Bxf4 exf4 27. c5 Bf6 28.
cxd6 Rxd6 29. Ng2 fxg3 30. hxg3 Re8 31. Re1 Red8 32. Ne3 c6 33. Rxd6 Qxd6 34.
Qc4 Qe6 35. Rc1 Qxc4 36. Nxc4 Rd3 37. e5 Bg5 38. Rc2 c5 39. bxc5 Rd5 40. f4 Be7
41. Nd6 Rxc5 42. Nxb7 Rb5 43. Nd6 Rxa5 44. c4 Rc5 45. Nxf7 Rc6 46. Kf2 Kg7 47.
Nd6 Bxd6 48. exd6 Rxd6 49. c5 Rc6 50. Ke3 Kf6 51. Kd4 Ke6 52. Re2+ Kd7 53. Rb2
Kc7 54. g4 a5 55. Ra2 Ra6 56. Kd5 a4 57. Ke4 1/2-1/2

[Event "Asian Nations Cup 2016"]
[Site "Abu Dhabi UAE"]
[Date "2016.04.03"]
[Round "7.4"]
[White "Asmar, Elie"]
[Black "Mayed, AlRashedi"]
[Result "1/2-1/2"]
[BlackTitle "FM"]
[WhiteElo "2051"]
[BlackElo "1977"]
[WhiteTeam "Lebanon"]
[BlackTeam "UAE - 1"]
[WhiteFideId "5301432"]
[BlackFideId "9303871"]
[EventDate "2016.03.28"]
[EventType "team"]

1. Nc3 Nf6 2. Nf3 d5 3. e3 c5 4. Bb5+ Bd7 5. a4 a6 6. Bxd7+ Nbxd7 7. d3 e5 8. e4
d4 9. Ne2 b5 10. axb5 axb5 11. Rxa8 Qxa8 12. O-O g6 13. Bg5 Bg7 14. c3 O-O 15.
cxd4 cxd4 16. Qb3 Qa4 17. Qxa4 bxa4 18. Ra1 Nc5 19. Nc1 Rb8 20. Ra2 Nfd7 21. Kf1
f6 22. Bd2 Kf7 23. Ke2 Ke6 24. Ne1 f5 25. f3 Nb6 26. Bb4 Rc8 27. Bd2 Bf8 28. b4
Nb7 29. Rc2 Rxc2 30. Nxc2 Nd6 31. Na3 Kd7 32. Kd1 Kc6 33. Kc2 Be7 34. Na2 Bf8
35. Bg5 Nf7 36. Bd2 Be7 37. Nc4 Kb5 38. Na3+ Kc6 39. b5+ Kb7 40. Nc4 Nxc4 41.
dxc4 fxe4 42. fxe4 Nd8 43. Nc1 Ne6 44. Nd3 Bd6 45. g3 Kb6 46. Nb2 a3 47. Na4+
Kb7 48. Kb3 Nc5+ 49. Kxa3 Nxe4+ 50. Bb4 d3 51. Bxd6 d2 52. Nb2 Nxd6 53. Kb4 e4
54. Nd1 Nf5 55. Kc3 e3 56. Kd3 h5 57. h3 Kb6 58. g4 hxg4 59. hxg4 Nh6 60. Nxe3
Nxg4 61. Kxd2 Ne5 62. Kc3 Kc5 63. b6 Kxb6 1/2-1/2

[Event "Asian Nations Cup 2016"]
[Site "Abu Dhabi UAE"]
[Date "2016.04.03"]
[Round "7.1"]
[White "Abdyjapar, Asyl"]
[Black "Amer, Said Salim Al Maashani"]
[Result "1-0"]
[WhiteTitle "IM"]
[BlackTitle "FM"]
[WhiteElo "2385"]
[BlackElo "2128"]
[WhiteTeam "Kyrgyzstan"]
[BlackTeam "Oman"]
[WhiteFideId "13800337"]
[BlackFideId "22000100"]
[EventDate "2016.03.28"]
[EventType "team"]

1. d4 Nf6 2. c4 g6 3. Nc3 Bg7 4. e4 d6 5. Nf3 O-O 6. Be2 e5 7. O-O Nc6 8. d5 Ne7
9. b4 Nh5 10. Re1 Nf4 11. Bf1 h6 12. c5 f5 13. Bxf4 fxe4 14. Bxe5 dxe5 15. Nxe4
Kh7 16. Bc4 Nf5 17. Qb3 a5 18. Rad1 Nd4 19. Nxd4 exd4 20. b5 b6 21. Qg3 Bf5 22.
cxb6 cxb6 23. Nd6 Ra7 24. h4 h5 25. Nxf5 Rxf5 26. Bd3 Qxd5 27. Bxf5 Qxf5 28. Qd3
Qf6 29. g3 Rf7 30. Re2 Rd7 31. Rc1 Rf7 32. Rc6 Qf5 33. Qxf5 Rxf5 34. Re7 Kh8 35.
Rd7 d3 36. a4 Bf8 37. Kg2 Bc5 38. Rc8+ Rf8 39. Rxf8+ Bxf8 40. Rxd3 Kg7 41. Rc3 1-0

[Event "Asian Nations Cup 2016"]
[Site "Abu Dhabi UAE"]
[Date "2016.04.03"]
[Round "7.2"]
[White "Al Mashikhi, Salim Aliyan"]
[Black "Tologontegin, Semetey"]
[Result "0-1"]
[BlackTitle "IM"]
[WhiteElo "2088"]
[BlackElo "2370"]
[WhiteTeam "Oman"]
[BlackTeam "Kyrgyzstan"]
[WhiteFideId "22000046"]
[BlackFideId "13800574"]
[EventDate "2016.03.28"]
[EventType "team"]

1. c4 e6 2. Nc3 d5 3. cxd5 exd5 4. d3 Nf6 5. g3 Be7 6. Bg2 O-O 7. Nf3 c5 8. O-O
Nc6 9. a3 h6 10. h3 Be6 11. Bd2 d4 12. Ne4 Nd5 13. Qc1 b6 14. Bxh6 gxh6 15. Qxh6
Rc8 16. g4 Re8 17. g5 Bf8 18. Qh4 Bg7 19. Ng3 Nce7 20. Nh2 Ng6 21. Qe4 Ndf4 22.
Qf3 Qxg5 23. Ne4 Qe5 24. e3 Nxg2 25. Qxg2 Bd5 26. Ng4 Bxe4 27. dxe4 Qxe4 28. f3
Qe6 29. f4 f5 30. e4 fxg4 31. Rae1 gxh3 32. Qg3 Rc6 33. Kh1 Qf6 34. e5 Qf5 35.
Qb3+ Qe6 36. Qf3 Nh4 37. Qe4 Rc7 38. f5 Qxe5 39. Qg4 Qd5+ 40. Kh2 Rxe1 0-1

[Event "Asian Nations Cup 2016"]
[Site "Abu Dhabi UAE"]
[Date "2016.04.03"]
[Round "7.3"]
[White "Taalaibekov, Tagir"]
[Black "Salim, Issa Ali Shamas"]
[Result "1-0"]
[WhiteElo "2150"]
[BlackElo "2026"]
[WhiteTeam "Kyrgyzstan"]
[BlackTeam "Oman"]
[WhiteFideId "13801163"]
[BlackFideId "22000062"]
[EventDate "2016.03.28"]
[EventType "team"]

1. d4 Nf6 2. g3 d5 3. Bg2 Bf5 4. Nh3 c6 5. O-O e6 6. Nf4 Bd6 7. Nd3 Nbd7 8. Nd2
O-O 9. b3 a5 10. a4 e5 11. dxe5 Nxe5 12. Bb2 Re8 13. Nf3 Ng6 14. Nd4 Bd7 15. e3
Qe7 16. c4 Bg4 17. Qc2 dxc4 18. bxc4 Rad8 19. c5 Bc7 20. Qc3 Qf8 21. Rfe1 Nd5
22. Qc4 Bc8 23. e4 Nf6 24. f4 Kh8 25. Rad1 Nd7 26. Nf5 f6 27. h4 Nb8 28. Ne3 Ne7
29. g4 Na6 30. g5 Ng8 31. h5 Rxd3 32. Qxd3 Bxf4 33. gxf6 Nxf6 34. Nf5 Nxc5 35.
Qf3 Be5 36. Bxe5 Rxe5 37. Qg3 Re8 38. Nd6 Bg4 39. Nxe8 Qxe8 40. e5 Qb8 41. exf6 1-0

[Event "Asian Nations Cup 2016"]
[Site "Abu Dhabi UAE"]
[Date "2016.04.03"]
[Round "7.4"]
[White "Salim, Mohammed Salim Al Amri"]
[Black "Kenenbaev, Aidar"]
[Result "0-1"]
[WhiteTitle "CM"]
[WhiteElo "2038"]
[BlackElo "2042"]
[WhiteTeam "Oman"]
[BlackTeam "Kyrgyzstan"]
[WhiteFideId "22000089"]
[BlackFideId "13801180"]
[EventDate "2016.03.28"]
[EventType "team"]

1. e4 c5 2. Nf3 d6 3. d4 cxd4 4. Nxd4 Nf6 5. Nc3 a6 6. Bg5 e6 7. f4 Be7 8. Qf3
Nbd7 9. O-O-O Qc7 10. g4 Rb8 11. Bxf6 Bxf6 12. g5 Be7 13. h4 b5 14. Bh3 b4 15.
Nce2 Nc5 16. Kb1 Bb7 17. Ng3 d5 18. e5 g6 19. h5 Rf8 20. Nf1 Qb6 21. Ne3 Ne4 22.
Rd3 Bc5 23. Nb3 d4 24. Kc1 dxe3 25. Rhd1 Nf2 26. Qe2 Nxd1 27. Rxd1 Bd5 28. Bf1
Ke7 29. f5 gxf5 30. Qh2 Rbd8 31. Nxc5 Qxc5 32. g6 fxg6 33. hxg6 hxg6 34. Qh7+
Rf7 35. Qxg6 Rc8 36. Bd3 a5 37. b3 Rcf8 38. Qh5 Kd7 39. Qe2 f4 40. Be4 f3 41.
Qa6 Kc7 42. Qa7+ Qxa7 0-1

[Event "Asian Nations Cup 2016"]
[Site "Abu Dhabi UAE"]
[Date "2016.04.03"]
[Round "7.1"]
[White "Snoper, Rafat"]
[Black "Aboudi, Marwan"]
[Result "1/2-1/2"]
[WhiteElo "1890"]
[BlackElo "2166"]
[WhiteTeam "Palestine"]
[BlackTeam "Jordan"]
[WhiteFideId "11502150"]
[BlackFideId "8100160"]
[EventDate "2016.03.28"]
[EventType "team"]

1. d4 Nf6 2. c4 e6 3. Nc3 Bb4 4. h4 O-O 5. Bg5 c5 6. d5 exd5 7. cxd5 d6 8. f3
Nbd7 9. Qc2 h6 10. Bxf6 Nxf6 11. e4 Qa5 12. g4 Bxc3+ 13. Qxc3 Qa4 14. Qb3 Qxb3
15. axb3 Re8 16. O-O-O Bd7 17. Ne2 b5 18. Nf4 Nh7 19. Bd3 g6 20. Rhg1 Kg7 21.
Rg2 a5 22. g5 hxg5 23. hxg5 a4 24. bxa4 Rxa4 25. Ne2 Ra1+ 26. Bb1 Rea8 27. f4
R8a4 28. b3 R4a2 29. Rdg1 Bh3 30. Rh2 Bd7 31. Rgh1 Nf8 32. Nc3 Rxh2 33. Rxh2 b4
34. Na2 Bg4 35. Kb2 Rxb1+ 36. Kxb1 Bf3 37. Kb2 Bxe4 38. Nc1 Nd7 39. Re2 Bxd5 40.
Re7 Be6 41. Re8 Bf5 42. Ne2 d5 43. Ng3 Bg4 44. Rd8 Be6 45. f5 gxf5 46. Nh5+ Kg6
47. Nf4+ Kxg5 48. Nxe6+ fxe6 49. Rxd7 f4 50. Kc2 c4 51. bxc4 dxc4 52. Rb7 b3+
53. Kd2 Kg4 54. Ke2 Kf5 55. Rb4 b2 56. Rxb2 Ke4 57. Rd2 e5 58. Rd8 c3 59. Rd1
f3+ 60. Kf2 c2 61. Rc1 Kd3 62. Kxf3 e4+ 63. Kf2 Kd2 64. Rxc2+ Kxc2 65. Ke3 Kc3
66. Kxe4 1/2-1/2